Gettysburg Address - Statistics

General Stats
  • This quiz has been taken 668 times
  • The average score is 58 of 268
Answer Stats
Answer % Correct
Four
100%
and
99%
score
99%
ago
96%
years
96%
seven
93%
our
80%
fathers
68%
forth
57%
brought
56%
a
54%
this
52%
on
51%
new
50%
continent
49%
nation,
49%
liberty
44%
and
43%
conceived
43%
in
43%
the
41%
all
40%
are
40%
created
40%
equal.
40%
men
40%
that
40%
to
39%
dedicated
38%
proposition
36%
we
34%
a
33%
are
33%
Now
33%
in
31%
civil
30%
engaged
30%
great
30%
war,
30%
any
28%
nation,
28%
nation
28%
or
28%
so
28%
testing
28%
whether
28%
and
27%
can
27%
conceived
27%
that
27%
a
26%
endure.
26%
long
26%
so
26%
We
26%
are
25%
dedicated,
25%
of
25%
on
25%
a
24%
a
24%
battlefield
24%
great
24%
met
24%
of
24%
that
24%
war.
24%
We
24%
to
23%
as
22%
come
22%
dedicate
22%
field
22%
final
22%
for
22%
have
22%
place
22%
portion
22%
resting
22%
that
22%
those
22%
who
22%
a
21%
and
21%
fitting
21%
is
21%
It
21%
lives
21%
proper
21%
that
21%
their
21%
we
21%
we
21%
altogether
20%
But
20%
cannot
20%
cannot
20%
consecrate,
20%
dedicate,
20%
do
20%
gave
20%
here
20%
nation
20%
should
20%
that
20%
that
20%
The
20%
this.
20%
we
20%
we
20%
and
19%
brave
19%
cannot
19%
ground.
19%
hallow
19%
in
19%
larger
19%
live.
19%
men,
19%
might
19%
our
19%
sense
19%
this
19%
above
18%
consecrated
18%
dead,
18%
earth.
18%
far
18%
from
18%
have
18%
here
18%
it,
18%
living
18%
not
18%
perish
18%
poor
18%
power
18%
shall
18%
The
18%
the
18%
to
18%
who
18%
add
17%
detract.
17%
or
17%
struggled
17%
we
17%
but
16%
by
16%
can
16%
did
16%
for
16%
for
16%
forget
16%
here,
16%
here.
16%
is
16%
it
16%
It
16%
little
16%
long
16%
never
16%
nor
16%
note,
16%
of
16%
people,
16%
people,
16%
people,
16%
remember,
16%
say
16%
the
16%
the
16%
the
16%
the
16%
they
16%
to
16%
us
16%
what
16%
what
16%
will
16%
world
16%
government
15%
living,
15%
rather,
15%
the
15%
be
14%
dedicated
14%
here
14%
to
14%
fought
13%
have
13%
here
13%
is
13%
It
13%
so
13%
that
13%
they
13%
to
13%
unfinished
13%
which
13%
who
13%
work
13%
advanced.
12%
be
12%
dedicated
12%
far
12%
for
12%
here
12%
nobly
12%
rather
12%
the
12%
thus
12%
to
12%
us
12%
a
11%
before
11%
great
11%
remaining
11%
task
11%
that
11%
us,
11%
we
11%
and
10%
cause
10%
dead
10%
dead
10%
devotion
10%
devotion,
10%
for
10%
from
10%
full
10%
gave
10%
God,
10%
have
10%
honored
10%
increased
10%
last
10%
measure
10%
nation,
10%
not
10%
of
10%
shall
10%
take
10%
that
10%
that
10%
that
10%
the
10%
these
10%
to
10%
under
10%
we
10%
which
10%
birth
9%
died
9%
freedom,
9%
have
9%
here
9%
highly
9%
in
9%
new
9%
of
9%
resolve
9%
shall
9%
that
9%
these
9%
they
9%
this
9%
vain,
9%
No matching quizzes found
Score Distribution
Percent of People with Each Score
Percentile by Number Answered
Your Score History
You have not taken this quiz